LEADER 00864cam0-2200313---450- 001 990005590360403321 005 20101109132058.0 035 $a000559036 035 $aFED01000559036 035 $a(Aleph)000559036FED01 035 $a000559036 100 $a19990604d1966----km-y0itay50------ba 101 0 $aita 102 $aIT 105 $aa-------000yy 200 1 $aArmi in Oriente$ftesto di Gianni Vianello 210 $aMilano$cF.lli Fabbri$dc1966 215 $a158 p.$cill.$d20 cm 225 1 $aÉlite$ele arti e gli stili in ogni tempo e paese$v55 610 0 $aArmature orientali 676 $a739.7 700 1$aVianello,$bGianni$036832 801 0$aIT$bUNINA$gRICA$2UNIMARC 901 $aBK 912 $a990005590360403321 952 $a739.7 VIA 1$bST.ARTE 10365$fFLFBC 959 $aFLFBC 996 $aArmi in Oriente$9269118 997 $aUNINA